[Event "Muensterland Regionalliga playoff Gr1"]
[Site "Germany"]
[Date "2022.04.30"]
[Round "3.5"]
[White "Buessing, Olaf"]
[Black "Broszat, Marc"]
[Result "1/2-1/2"]
[WhiteElo "1777"]
[BlackElo "1589"]
[PlyCount "64"]
[EventDate "2022.03.19"]
[EventType "team-tourn"]
[EventRounds "5"]
[EventCountry "GER"]
[SourceTitle "EXT 2023"]
[Source "ChessBase"]
[SourceDate "2022.10.05"]
[SourceVersion "1"]
[SourceVersionDate "2022.10.05"]
[SourceQuality "1"]
[WhiteTeam "Bocholt"]
[BlackTeam "Muenster SK IV"]
[WhiteTeamCountry "GER"]
[BlackTeamCountry "GER"]

1. e4 c6 2. d4 d5 3. exd5 cxd5 4. Bd3 Nf6 5. Bf4 Nc6 6. c3 Bg4 7. Qb3 Qd7 8. Nd2 e6 9. Ngf3 Bxf3 10. Nxf3 a6 11. 0-0 Be7 12. Rfe1 0-0 13. Ne5 Qc8 14. Re3 Nh5 15. Bg3 b5 16. Qd1 g6 17. Be2 Nxg3 18. hxg3 Bf6 19. f4 Qc7 20. Kf2 Kg7 21. Qd2 h5 22. Rh1 Rh8 23. g4 hxg4 24. Rxh8 Rxh8 25. Bxg4 Nd8 26. Rh3 Rxh3 27. Bxh3 Nb7 28. g3 Nd6 29. Bg2 Nc4 30. Nxc4 bxc4 31. b3 Qc6 32. b4 Qb5 1/2-1/2

[Event "Muensterland Regionalliga 2122"]
[Site "Germany"]
[Date "2021.10.23"]
[Round "2.8"]
[White "Buessing, Olaf"]
[Black "Stegemann, Norbert"]
[Result "1/2-1/2"]
[WhiteElo "1767"]
[BlackElo "1852"]
[PlyCount "61"]
[EventDate "2021.10.02"]
[EventType "team-tourn"]
[EventRounds "3"]
[EventCountry "GER"]
[SourceTitle "EXT 2023"]
[Source "ChessBase"]
[SourceDate "2022.10.05"]
[SourceVersion "1"]
[SourceVersionDate "2022.10.05"]
[SourceQuality "1"]
[WhiteTeam "Bocholt"]
[BlackTeam "Duelmen"]
[WhiteTeamCountry "GER"]
[BlackTeamCountry "GER"]

1. e4 c6 2. d4 d5 3. exd5 cxd5 4. Bd3 Nc6 5. c3 Qc7 6. Ne2 Bg4 7. Na3 Bxe2 8. Qxe2 a6 9. Nc2 e6 10. Ne3 Nf6 11. Bd2 Be7 12. 0-0 0-0 13. Ng4 b5 14. Rae1 Rfe8 15. Qf3 Nxg4 16. Qxg4 Bd6 17. f4 Ne7 18. Rf3 Ng6 19. h4 Qe7 20. Rh3 f5 21. Qg3 Qc7 22. Rf1 Qe7 23. h5 Nf8 24. Qf3 Qf7 25. Be1 Be7 26. g4 Ra7 27. g5 Bd6 28. Rf2 Qc7 29. Bd2 Qc6 30. Qe2 Ree7 31. Re3 1/2-1/2

[Event "GER-ch Net Amateur Gr-B Final"]
[Site "Playchess.com INT"]
[Date "2020.04.18"]
[Round "5"]
[White "Fenski, Matthias"]
[Black "Buessing, Olaf"]
[Result "0-1"]
[WhiteElo "1719"]
[BlackElo "1894"]
[PlyCount "68"]
[EventDate "2020.04.18"]
[EventType "swiss (blitz)"]
[EventRounds "13"]
[EventCountry "GER"]
[SourceTitle "CBM 195 Extra"]
[Source "ChessBase"]
[SourceDate "2020.05.31"]
[SourceVersion "1"]
[SourceVersionDate "2020.05.31"]
[SourceQuality "1"]

1. c4 f5 2. g3 e6 3. Bg2 c6 4. Nc3 d5 5. cxd5 cxd5 6. d3 Nf6 7. Bg5 Bd6 8. e4 fxe4 9. dxe4 0-0 10. Nge2 Nc6 11. exd5 exd5 12. Nxd5 Qa5+ 13. Ndc3 Qxg5 14. Qxd6 Rd8 15. Qf4 Qa5 16. 0-0 Kh8 17. a3 Bg4 18. Rfe1 Qh5 19. h4 Rac8 20. Rac1 Ne5 21. Qg5 Nd3 22. Qxh5 Bxh5 23. Nf4 Nxc1 24. Rxc1 b6 25. Nxh5 Nxh5 26. Re1 Rd2 27. Bh3 Rf8 28. Ne4 Rxb2 29. f4 Rb3 30. Ng5 Rxg3+ 31. Kh2 Rxa3 32. Nf7+ Kg8 33. Be6 Rxf7 34. Bxf7+ Kxf7 0-1

[Event "GER-ch Net Amateur Gr-B Vor3"]
[Site "Playchess.com INT"]
[Date "2020.04.16"]
[Round "4"]
[White "Buessing, Olaf"]
[Black "Ebner, Bruno"]
[Result "1-0"]
[WhiteElo "1805"]
[BlackElo "1694"]
[PlyCount "81"]
[EventDate "2020.04.16"]
[EventType "swiss (blitz)"]
[EventRounds "9"]
[EventCountry "GER"]
[SourceTitle "CBM 195 Extra"]
[Source "ChessBase"]
[SourceDate "2020.05.31"]
[SourceVersion "1"]
[SourceVersionDate "2020.05.31"]
[SourceQuality "1"]

1. e4 c5 2. Nc3 Nc6 3. f4 g6 4. Nf3 Bg7 5. Bc4 d6 6. 0-0 Nf6 7. d3 0-0 8. Qe1 Rb8 9. Qh4 a6 10. a4 Nb4 11. Bb3 b5 12. axb5 axb5 13. Bd2 Qc7 14. e5 dxe5 15. fxe5 Ng4 16. Ng5 Nh6 17. Bxf7+ Kh8 18. Bxg6 hxg6 19. Rxf8+ Bxf8 20. Nf7+ Kg8 21. Nxh6+ Bxh6 22. Qxh6 Rb6 23. Rf1 Qd8 24. Ne4 Bf5 25. Ng5 Qd4+ 26. Kh1 Qd5 27. Qh7+ Kf8 28. Qh8+ Qg8 29. Qxg8+ Kxg8 30. Bxb4 cxb4 31. Nf3 Rc6 32. Nd4 Rc5 33. Re1 e6 34. b3 Kf7 35. h3 Ke7 36. g4 Rd5 37. Nc6+ Kd7 38. Nxb4 Rd4 39. gxf5 Rxb4 40. fxg6 Ke7 41. Rf1 1-0